[Event "Mondiale Lampo FIDE 2017"]
[Site "Riyadh"]
[Date "29.12.2017"]
[Round "7.11"]
[White "Nepomniachtchi, Ian"]
[Black "Movsesian, Sergei"]
[Result "1-0"]
[WhiteTitle "GM"]
[BlackTitle "GM"]
[WhiteElo "2729"]
[BlackElo "2647"]
[WhiteFideId "4168119"]
[BlackFideId "310204"]
[EventDate "2017.12.29"]

1. e4 c5 2. Nf3 e6 3. d4 cxd4 4. Nxd4 Nc6 5. Nc3 a6 6. Nxc6 bxc6 7. e5 Qc7 8.
Bf4 f5 9. g4 Ne7 10. gxf5 Nxf5 11. Bd3 Rb8 12. Rg1 g6 13. Bxf5 exf5 14. b3 Bb4
15. Qd2 Qa5 16. Rg3 Rb5 17. a3 Rd5 18. Qe3 Bc5 19. Qe2 Bb4 20. Qc4 Bxc3+ 21.
Rxc3 Qb5 22. a4 Qxc4 23. Rxc4 a5 24. Rd1 Rxd1+ 25. Kxd1 h6 26. h4 Ke7 27. Rc5
Ba6 28. Ke1 Ke6 29. Rxa5 Bb7 30. Ra7 Rb8 31. Kd2 c5 32. Ra5 Rc8 33. Rb5 Be4 34.
c3 g5 35. hxg5 hxg5 36. Bxg5 Kxe5 37. a5 Kd5 38. Bf4 d6 39. b4 Kc4 40. Rb6 d5
41. a6 d4 42. cxd4 cxb4 43. a7 b3 44. Rb8 b2 45. Rxc8+ 1-0

[Event "Mondiale Lampo FIDE 2017"]
[Site "Riyadh"]
[Date "29.12.2017"]
[Round "7.12"]
[White "Svidler, Peter"]
[Black "Meier, Georg"]
[Result "1-0"]
[WhiteTitle "GM"]
[BlackTitle "GM"]
[WhiteElo "2765"]
[BlackElo "2650"]
[WhiteFideId "4102142"]
[BlackFideId "4675789"]
[EventDate "2017.12.29"]

1. Nf3 d5 2. c4 e6 3. e3 Nf6 4. b3 Be7 5. Bb2 O-O 6. Qc2 c5 7. cxd5 exd5 8. Be2
Nc6 9. O-O d4 10. a3 Be6 11. Ng5 Bd7 12. Bd3 h6 13. Ne4 Ne5 14. Nxf6+ Bxf6 15.
Bh7+ Kh8 16. Be4 Bb5 17. Re1 dxe3 18. dxe3 Bc6 19. Nc3 Qc7 20. Bxc6 Qxc6 21. Ne4
b6 22. Nxf6 Qxf6 23. f4 Qg6 24. Qxg6 Nxg6 25. f5 1-0

[Event "Mondiale Lampo FIDE 2017"]
[Site "Riyadh"]
[Date "29.12.2017"]
[Round "7.13"]
[White "Sargissian, Gabriel"]
[Black "Leko, Peter"]
[Result "1/2-1/2"]
[WhiteTitle "GM"]
[BlackTitle "GM"]
[WhiteElo "2672"]
[BlackElo "2691"]
[WhiteFideId "13300881"]
[BlackFideId "703303"]
[EventDate "2017.12.29"]

1. d4 Nf6 2. c4 e6 3. Nf3 d5 4. g3 Be7 5. Bg2 O-O 6. O-O dxc4 7. Ne5 Nc6 8. Nxc6
bxc6 9. Na3 Bxa3 10. bxa3 Ba6 11. Qd2 Rb8 12. Rd1 Bb5 13. Qc2 Qe7 14. a4 Ba6 15.
Qc3 Qd7 16. Ba3 Rfd8 17. Qa5 Qc8 18. Be7 Rd7 19. Bxf6 gxf6 20. e3 Rb6 21. Rac1
Qf8 22. Qc3 Qb4 23. Qxb4 Rxb4 24. Bxc6 Rd6 25. a3 Rb3 26. Bb5 Bxb5 27. axb5 Rxb5
28. Rxc4 c5 29. a4 Ra5 30. Kf1 cxd4 1/2-1/2

[Event "Mondiale Lampo FIDE 2017"]
[Site "Riyadh"]
[Date "29.12.2017"]
[Round "7.14"]
[White "Socko, Bartosz"]
[Black "Le, Quang Liem"]
[Result "1/2-1/2"]
[WhiteTitle "GM"]
[BlackTitle "GM"]
[WhiteElo "2593"]
[BlackElo "2737"]
[WhiteFideId "1107038"]
[BlackFideId "12401137"]
[EventDate "2017.12.29"]

1. d4 Nf6 2. c4 e6 3. g3 d5 4. Bg2 Bb4+ 5. Bd2 Be7 6. Nf3 O-O 7. Qc2 Nbd7 8. O-O
Ne4 9. Rd1 c6 10. b3 f5 11. Bc1 Bf6 12. Bb2 g5 13. Ne5 Bg7 14. Nd2 Nxe5 15. dxe5
Bd7 16. Nxe4 fxe4 17. cxd5 cxd5 18. Rac1 Rc8 19. Qd2 Bc6 20. Qe3 Qe7 21. a4 a6
22. Bd4 Rf5 23. Bh3 Rxe5 24. Bxe5 Bxe5 25. Qc5 Bd6 26. Qd4 Rf8 27. e3 h5 28. Rc2
g4 29. Bf1 a5 30. Bg2 Qg5 31. Qb6 h4 32. Bxe4 hxg3 33. hxg3 Bxg3 34. fxg3 dxe4
35. Rf1 Rf3 36. Rxf3 gxf3 37. Kf2 Qd5 38. Qd4 Qh5 39. Qd8+ Kf7 40. Qh4 Qd5 41.
Qh7+ Ke8 42. Qh8+ Ke7 43. Qg7+ Ke8 44. Qh8+ Ke7 45. Qg7+ Ke8 46. Qh8+ 1/2-1/2

[Event "Mondiale Lampo FIDE 2017"]
[Site "Riyadh"]
[Date "29.12.2017"]
[Round "7.16"]
[White "Petrosian, Tigran L."]
[Black "Dreev, Aleksey"]
[Result "0-1"]
[WhiteTitle "GM"]
[BlackTitle "GM"]
[WhiteElo "2601"]
[BlackElo "2653"]
[WhiteFideId "13301616"]
[BlackFideId "4100107"]
[EventDate "2017.12.29"]

1. Nf3 d5 2. g3 c6 3. Bg2 Bg4 4. h3 Bh5 5. O-O e6 6. d3 Bd6 7. b3 Nf6 8. Bb2 O-O
9. Nbd2 Nbd7 10. Qe1 Re8 11. e4 e5 12. Nh4 a5 13. Nf5 Bc5 14. a3 Qc7 15. Kh2
Rad8 16. Nf3 Bf8 17. Bc3 b6 18. g4 Bg6 19. Ng3 dxe4 20. dxe4 Nc5 21. Bxe5 Rxe5
22. Nxe5 Qxe5 23. f4 Qb2 24. f5 Bd6 25. Rd1 Qe5 26. b4 axb4 27. axb4 Na4 28. c4
Re8 29. Rxd6 Qxd6 30. b5 cxb5 31. cxb5 Nc5 32. fxg6 hxg6 33. Kh1 Qe5 34. Qf2 Rd8
35. Qf4 Qxf4 36. Rxf4 Nfd7 37. Rf1 Ne5 38. Ne2 Rd2 39. Nc3 Ncd3 40. Nd5 g5 41.
Nxb6 Nf4 42. Bf3 Nxh3 43. Bg2 Nf4 44. Bf3 Rb2 45. Nd5 Rxb5 46. Ne7+ Kf8 47. Nf5
g6 48. Nd4 Rb4 49. Nc2 Rb3 50. Bg2 Nxg4 51. Ra1 Rb2 52. Ne1 Ne3 53. Bf3 0-1

[Event "Mondiale Lampo FIDE 2017"]
[Site "Riyadh"]
[Date "29.12.2017"]
[Round "7.17"]
[White "Yu, Yangyi"]
[Black "Kryvoruchko, Yuriy"]
[Result "1/2-1/2"]
[WhiteTitle "GM"]
[BlackTitle "GM"]
[WhiteElo "2751"]
[BlackElo "2689"]
[WhiteFideId "8603820"]
[BlackFideId "14109182"]
[EventDate "2017.12.29"]

1. d4 Nf6 2. c4 e6 3. Nc3 Bb4 4. Nf3 b6 5. Qc2 Bb7 6. a3 Bxc3+ 7. Qxc3 O-O 8. e3
d5 9. b3 Nbd7 10. Be2 c5 11. O-O Rc8 12. Bb2 Ne4 13. Qc2 cxd4 14. exd4 Nd6 15.
Nd2 Qf6 16. Rac1 Nf5 17. Qd3 Rfd8 18. Qc3 Qg6 19. f3 Nf6 20. Bd3 dxc4 21. bxc4
Nh5 22. Bxf5 Qxf5 23. Qe3 Nf4 24. Ne4 Ba6 25. g4 Nh3+ 26. Kg2 Qf4 27. Rfe1 Qxe3
28. Rxe3 Nf4+ 29. Kg3 Ng6 30. c5 Ne7 31. cxb6 Rxc1 32. Bxc1 axb6 33. Rb3 Nd5 34.
Bd2 Bc4 35. Rb2 b5 36. Bb4 Nxb4 37. Rxb4 f5 38. Nc3 Bd3 39. Kf4 Ra8 40. Nxb5
Bxb5 41. Rxb5 Rxa3 42. gxf5 exf5 43. Rxf5 Rd3 44. Ke5 Rd2 45. h4 Re2+ 46. Kd6 g6
47. Rf4 Kg7 48. d5 h6 49. Kd7 g5 50. hxg5 hxg5 51. Rd4 Re3 52. Rg4 Kf6 53. Rg3
Rd3 54. d6 Kf5 55. Ke7 Re3+ 56. Kd8 Ke6 57. d7 Rd3 58. Rxg5 Rxd7+ 59. Ke8 Re7+
60. Kd8 Rd7+ 61. Ke8 Re7+ 62. Kd8 Rd7+ 63. Ke8 1/2-1/2

[Event "Mondiale Lampo FIDE 2017"]
[Site "Riyadh"]
[Date "29.12.2017"]
[Round "7.18"]
[White "Cheparinov, Ivan"]
[Black "Rakhmanov, Aleksandr"]
[Result "1/2-1/2"]
[WhiteTitle "GM"]
[BlackTitle "GM"]
[WhiteElo "2710"]
[BlackElo "2653"]
[WhiteFideId "2905540"]
[BlackFideId "4173708"]
[EventDate "2017.12.29"]

1. d4 Nf6 2. Nf3 g6 3. c4 d6 4. g3 Bg7 5. Bg2 c6 6. O-O O-O 7. Nc3 Bf5 8. Nh4
Be6 9. b3 d5 10. cxd5 cxd5 11. Nf3 Nc6 12. Bb2 Bf5 13. Rc1 Ne4 14. e3 Nxc3 15.
Bxc3 Be4 16. Qe2 Rc8 17. Bh3 Bxf3 18. Qxf3 e6 19. Rfd1 Rc7 20. Bf1 Qe7 21. Bb2
Rfc8 22. Qe2 Qd7 23. Qd2 Bf8 24. a3 a6 25. Bd3 Ne7 26. Rxc7 Rxc7 27. Rc1 Rxc1+
28. Qxc1 Qc8 29. Qd2 Nf5 30. Kg2 Nd6 31. a4 Qc6 32. Qc3 Qxc3 33. Bxc3 f5 34. f3
Kf7 35. h3 Nc8 36. g4 Na7 37. gxf5 gxf5 38. e4 Kf6 39. b4 b5 40. axb5 Nxb5 41.
Bd2 fxe4 42. fxe4 dxe4 43. Bxe4 Nxd4 44. Bb7 Nc2 45. Bc3+ e5 46. Bxa6 Bxb4 47.
Bb2 h6 48. Be2 Ne3+ 49. Kf3 Nf5 50. Bd3 Bc5 51. Ke4 Bd4 52. Bc1 h5 53. Bd2 Ng3+
54. Kf3 e4+ 1/2-1/2

[Event "Mondiale Lampo FIDE 2017"]
[Site "Riyadh"]
[Date "29.12.2017"]
[Round "7.19"]
[White "Anton Guijarro, David"]
[Black "Salem, A.R. Saleh"]
[Result "0-1"]
[WhiteTitle "GM"]
[BlackTitle "GM"]
[WhiteElo "2666"]
[BlackElo "2638"]
[WhiteFideId "2285525"]
[BlackFideId "9301348"]
[EventDate "2017.12.29"]

1. Nf3 c5 2. e4 d6 3. Bb5+ Nd7 4. c3 Nf6 5. Qe2 a6 6. Ba4 b5 7. Bc2 Bb7 8. O-O
e6 9. d4 Be7 10. Nbd2 O-O 11. Re1 Qc7 12. Nf1 Rac8 13. Bb1 cxd4 14. cxd4 e5 15.
d5 b4 16. Be3 Nc5 17. Ng3 Rfe8 18. Nd2 g6 19. b3 a5 20. Nc4 Ba6 21. Rc1 Nfd7 22.
Qg4 a4 23. Qd1 Bb5 24. Nd2 Qb7 25. Bc2 Ra8 26. Nf3 Rec8 27. h4 Nf6 28. Bxc5 Rxc5
29. bxa4 Bd7 30. Bb3 Rac8 31. Rxc5 Rxc5 32. Rc1 Qc7 33. Rxc5 Qxc5 34. Qc2 Qb6
35. Qc4 Ng4 36. Qc2 Bd8 37. h5 Qa7 38. hxg6 hxg6 39. Nh1 Bb6 40. Nh2 Nf6 41. Ng3
Kg7 42. Nh1 Bd4 43. Ng3 Qb6 44. Nh1 Qd8 45. Ng3 Bc5 46. Ngf1 Qb6 47. Ng3 Bc8 48.
Nh1 Ba6 49. Qd2 0-1

[Event "Mondiale Lampo FIDE 2017"]
[Site "Riyadh"]
[Date "29.12.2017"]
[Round "7.20"]
[White "Fressinet, Laurent"]
[Black "Kasimdzhanov, Rustam"]
[Result "1/2-1/2"]
[WhiteTitle "GM"]
[BlackTitle "GM"]
[WhiteElo "2662"]
[BlackElo "2683"]
[WhiteFideId "608742"]
[BlackFideId "14200244"]
[EventDate "2017.12.29"]

1. e4 c6 2. d4 d5 3. e5 Bf5 4. Be2 e6 5. Nf3 c5 6. c3 Nc6 7. O-O cxd4 8. Nxd4
Nge7 9. Qb3 Qd7 10. f4 Bg6 11. Be3 Nf5 12. Nxf5 Bxf5 13. Nd2 h5 14. Nf3 Be7 15.
Rad1 O-O 16. Nd4 Nxd4 17. Bxd4 g6 18. Bd3 Bxd3 19. Rxd3 Qc6 20. Qd1 Bc5 21. g4
Bxd4+ 22. Rxd4 hxg4 23. Qxg4 Kg7 24. f5 exf5 25. Rxf5 Rh8 26. Rf6 Qc7 27. Rdf4
Rae8 28. Rxf7+ Qxf7 29. Rxf7+ Kxf7 30. Qf4+ Kg8 31. Qf6 Rh7 32. Qd6 Rhe7 33.
Qxd5+ Kg7 34. Qd4 b6 35. e6+ Kh7 36. Qh4+ Kg7 37. Qd4+ Kh7 38. Qh4+ Kg7 1/2-1/2

[Event "Mondiale Lampo FIDE 2017"]
[Site "Riyadh"]
[Date "29.12.2017"]
[Round "7.21"]
[White "Jobava, Baadur"]
[Black "Safarli, Eltaj"]
[Result "1-0"]
[WhiteTitle "GM"]
[BlackTitle "GM"]
[WhiteElo "2690"]
[BlackElo "2639"]
[WhiteFideId "13601520"]
[BlackFideId "13402129"]
[EventDate "2017.12.29"]

1. d4 Nf6 2. Bg5 g6 3. Bxf6 exf6 4. e3 f5 5. g3 d6 6. Bg2 h5 7. Nf3 Nd7 8. c4
Nf6 9. Nc3 Bh6 10. O-O O-O 11. b4 c6 12. a4 a5 13. b5 Bd7 14. Rb1 Re8 15. Qc2
Rc8 16. bxc6 Bxc6 17. Nd2 h4 18. Rxb7 Bxb7 19. Bxb7 Rb8 20. Bc6 Rf8 21. Bf3 Kg7
22. Nb5 Rh8 23. c5 dxc5 24. dxc5 hxg3 25. hxg3 Ng4 26. c6 Ne5 27. Kg2 Rc8 28. c7
Qe7 29. Bb7 Qe6 30. Nf3 f4 31. Bxc8 Rxc8 32. Nxe5 Qxe5 33. exf4 Qd5+ 34. Kg1
Bxf4 35. gxf4 Rh8 36. f3 Qh5 37. Qg2 Qc5+ 38. Qf2 Qh5 39. Qd4+ 1-0

[Event "Mondiale Lampo FIDE 2017"]
[Site "Riyadh"]
[Date "29.12.2017"]
[Round "7.22"]
[White "Howell, David W L"]
[Black "Melkumyan, Hrant"]
[Result "1/2-1/2"]
[WhiteTitle "GM"]
[BlackTitle "GM"]
[WhiteElo "2676"]
[BlackElo "2633"]
[WhiteFideId "410608"]
[BlackFideId "13302485"]
[EventDate "2017.12.29"]

1. c4 e6 2. g3 d5 3. Bg2 Nf6 4. Nf3 dxc4 5. O-O Nbd7 6. Qa4 a6 7. Qxc4 b5 8. Qc2
Bb7 9. d3 c5 10. Nc3 Be7 11. a4 Qb6 12. axb5 axb5 13. Rxa8+ Bxa8 14. Qb3 b4 15.
Nd1 Bd5 16. Qc2 O-O 17. Ne3 Re8 18. b3 h6 19. Bb2 Ra8 20. Nc4 Qb7 21. Ra1 Rxa1+
22. Bxa1 Qa8 23. Bb2 Qa2 24. Nfd2 Bf8 25. Qc1 Qa8 26. Nf3 Ne8 27. Qa1 Qxa1+ 28.
Bxa1 f6 29. Nfd2 Nc7 30. Ne3 Bxg2 31. Kxg2 Kf7 32. g4 Nd5 33. Ndc4 Nb8 34. h3
Nc6 35. h4 g5 36. hxg5 hxg5 37. Kf3 Be7 38. Nc2 Nf4 39. d4 f5 40. dxc5 Bxc5 41.
gxf5 exf5 42. Ne5+ Nxe5+ 43. Bxe5 Ng6 44. Bd4 g4+ 45. Ke3 Be7 46. Bb6 Ne5 47.
Kf4 Nd7 48. Ba5 Kg6 49. Kg3 Nf6 50. f3 Nh5+ 51. Kf2 g3+ 52. Kg2 Bh4 53. e3 f4
54. Bxb4 fxe3 55. Nxe3 Nf4+ 56. Kg1 Bf6 57. Bd6 Ne2+ 58. Kg2 Bg5 59. Nf1 Nd4 60.
b4 Nb5 61. Bc5 Kf5 62. Nxg3+ Ke6 63. Ne4 Bd8 64. Kg3 Ke5 65. Kg4 Na3 66. Ng3 Nc4
67. f4+ Kd5 68. Kf5 Nd2 69. Kg6 Nb3 70. Bf8 Bc7 71. Nh5 Nd4 72. f5 Kc4 73. f6
Nc6 74. f7 Bh2 75. Bg7 Bd6 76. Nf6 Ne5+ 77. Kf5 Nxf7 78. Ke6 Bxb4 79. Kxf7 Bc3 1/2-1/2

[Event "Mondiale Lampo FIDE 2017"]
[Site "Riyadh"]
[Date "29.12.2017"]
[Round "7.23"]
[White "Wang, Yue"]
[Black "Fedoseev, Vladimir3"]
[Result "1/2-1/2"]
[WhiteTitle "GM"]
[BlackTitle "GM"]
[WhiteElo "2690"]
[BlackElo "2718"]
[WhiteFideId "8601429"]
[BlackFideId "24130737"]
[EventDate "2017.12.29"]

1. d4 Nf6 2. c4 e6 3. Nf3 d5 4. Nc3 c6 5. cxd5 exd5 6. Bg5 h6 7. Bh4 Be6 8. e3
Nbd7 9. Bd3 g5 10. Bg3 Nh5 11. Qc2 Nxg3 12. hxg3 Bg7 13. a3 Qe7 14. Na4 O-O 15.
O-O f5 16. b4 Rae8 17. Nc5 Nxc5 18. bxc5 f4 19. exf4 gxf4 20. Bg6 fxg3 21. fxg3
Rd8 22. Rae1 Qd7 23. Kh2 Bf5 24. Bxf5 Qxf5 25. Qxf5 Rxf5 26. Re7 Bxd4 27. Rxb7
Bxc5 28. Rc1 Rh5+ 29. Nh4 Bd6 30. Kh3 Rg5 31. Rc3 d4 32. Rf3 Rf8 33. g4 h5 34.
gxh5 Rxh5 35. Rd7 Rxf3+ 36. gxf3 Rd5 37. Ng2 Bxa3 38. Rxa7 Bd6 39. f4 d3 40. Ne3
d2 41. Nd1 Bxf4 42. Kg4 Bh6 43. Rc7 Rc5 44. Kf3 Rc1 45. Ke2 c5 46. Rd7 c4 47.
Rxd2 Bxd2 48. Kxd2 Ra1 49. Nb2 Kf7 50. Nxc4 Ke6 51. Kd3 Kd5 52. Ne3+ Kc5 53. Ke4
Re1 54. Kd3 Rg1 55. Ke4 Rg8 56. Kd3 Re8 1/2-1/2

[Event "Mondiale Lampo FIDE 2017"]
[Site "Riyadh"]
[Date "29.12.2017"]
[Round "7.25"]
[White "Vidit, Santosh Gujrathi"]
[Black "Savchenko, Boris"]
[Result "0-1"]
[WhiteTitle "GM"]
[BlackTitle "GM"]
[WhiteElo "2715"]
[BlackElo "2566"]
[WhiteFideId "5029465"]
[BlackFideId "4147332"]
[EventDate "2017.12.29"]

1. d4 Nf6 2. c4 g6 3. g3 d5 4. cxd5 Bg7 5. Bg2 Nxd5 6. Nf3 Nb6 7. Nc3 Nc6 8. e3
e5 9. d5 Ne7 10. e4 c6 11. d6 Ng8 12. O-O f6 13. b4 Nh6 14. b5 Nf7 15. bxc6 bxc6
16. Qc2 Qxd6 17. Rd1 Qe7 18. a4 Be6 19. Ba3 c5 20. Nd5 Bxd5 21. exd5 Rc8 22. Nd2
Nd6 23. Bxc5 Qc7 24. Rac1 Nd7 25. Nb3 Bh6 26. Qe2 Bxc1 27. Rxc1 Nxc5 28. Nxc5
O-O 29. Bh3 f5 30. Qxe5 Ne4 31. Qe6+ Qf7 32. Qxe4 fxe4 33. Be6 Qxe6 34. dxe6 Rf5
35. e7 Kf7 36. Nb3 Rxc1+ 37. Nxc1 Ra5 0-1

[Event "Mondiale Lampo FIDE 2017"]
[Site "Riyadh"]
[Date "29.12.2017"]
[Round "7.26"]
[White "Christiansen, Johan-Sebastian"]
[Black "Onischuk, Vladimir"]
[Result "1/2-1/2"]
[WhiteTitle "IM"]
[BlackTitle "GM"]
[WhiteElo "2495"]
[BlackElo "2637"]
[WhiteFideId "1512668"]
[BlackFideId "14114038"]
[EventDate "2017.12.29"]

1. e4 d6 2. d4 Nf6 3. Nc3 g6 4. f4 Bg7 5. Nf3 O-O 6. e5 dxe5 7. fxe5 Nd5 8. Bc4
Nxc3 9. bxc3 c5 10. O-O Bg4 11. Be3 Nc6 12. Qd2 Qa5 13. Ng5 cxd4 14. Rxf7 Rxf7
15. Bxf7+ Kh8 16. Bxd4 Rf8 17. Qf4 Nxe5 18. Re1 Nxf7 19. Nxf7+ Kg8 20. Rxe7 Qf5
21. Qxf5 Bxf5 22. Bxg7 Rxf7 23. Rxf7 Kxf7 24. Bd4 a6 1/2-1/2

[Event "Mondiale Lampo FIDE 2017"]
[Site "Riyadh"]
[Date "29.12.2017"]
[Round "7.27"]
[White "Nguyen, Ngoc Truong Son"]
[Black "Sethuraman, S.P."]
[Result "0-1"]
[WhiteTitle "GM"]
[BlackTitle "GM"]
[WhiteElo "2630"]
[BlackElo "2646"]
[WhiteFideId "12401110"]
[BlackFideId "5021596"]
[EventDate "2017.12.29"]

1. d4 d5 2. Nf3 Nf6 3. Bf4 c5 4. e3 Nc6 5. Nbd2 Qb6 6. dxc5 Qxb2 7. Rb1 Qa3 8.
Nd4 e5 9. Nb5 Qa5 10. Bg3 Bxc5 11. c3 Qd8 12. Nb3 Bb6 13. c4 O-O 14. Be2 Be6 15.
c5 Ba5+ 16. Kf1 Ne4 17. f3 Nxg3+ 18. hxg3 Bc7 19. f4 h6 20. Bd3 a6 21. Nxc7 Qxc7
22. f5 e4 23. fxe6 fxe6+ 24. Kg1 exd3 25. Qg4 Qe5 26. Re1 Rf5 27. Rxh6 Rg5 28.
Qxe6+ Qxe6 29. Rxe6 Ne5 30. Rd1 Rd8 31. Nd4 Rc8 32. Re7 Rb8 33. Ne6 Rxg3 34. Nf4
Rxe3 35. Nxd5 Re2 36. Rxd3 Re1+ 0-1

[Event "Mondiale Lampo FIDE 2017"]
[Site "Riyadh"]
[Date "29.12.2017"]
[Round "7.28"]
[White "Quparadze, Giga"]
[Black "Aronian, Levon"]
[Result "1-0"]
[WhiteTitle "GM"]
[BlackTitle "GM"]
[WhiteElo "2506"]
[BlackElo "2805"]
[WhiteFideId "13602250"]
[BlackFideId "13300474"]
[EventDate "2017.12.29"]

1. e4 g6 2. d4 Bg7 3. Nc3 c6 4. Nf3 d6 5. Be2 Nf6 6. O-O O-O 7. a4 Qc7 8. h3 e5
9. Be3 Nbd7 10. Qd2 exd4 11. Bxd4 Re8 12. Bd3 Ne5 13. Nxe5 dxe5 14. Be3 Be6 15.
a5 Bf8 16. Na4 Nd7 17. b4 b5 18. axb6 axb6 19. c4 Ra7 20. c5 bxc5 21. Nxc5 Nxc5
22. Bxc5 Bxc5 23. bxc5 Rd8 24. Qc3 Rd4 25. f3 h5 26. Be2 Kh7 27. Rxa7 Qxa7 28.
Ra1 Qe7 29. Rd1 Qd8 30. Rxd4 exd4 31. Qd2 Qf6 32. f4 Qd8 33. Bd3 Kg8 34. f5 Bc8
35. fxg6 fxg6 36. Qh6 Qe8 37. e5 Qxe5 38. Bc4+ Be6 39. Qxg6+ Kf8 40. Qxe6 1-0

[Event "Mondiale Lampo FIDE 2017"]
[Site "Riyadh"]
[Date "29.12.2017"]
[Round "7.29"]
[White "Artemiev, Vladislav"]
[Black "Naiditsch, Arkadij"]
[Result "1-0"]
[WhiteTitle "GM"]
[BlackTitle "GM"]
[WhiteElo "2691"]
[BlackElo "2705"]
[WhiteFideId "24101605"]
[BlackFideId "4650891"]
[EventDate "2017.12.29"]

1. d4 Nf6 2. Bg5 d5 3. Nd2 Nbd7 4. Ngf3 e6 5. e3 Be7 6. Bd3 c5 7. c3 b6 8. O-O
Bb7 9. Qb1 O-O 10. a4 a5 11. Re1 g6 12. Bb5 Ba6 13. Qd3 Bxb5 14. Qxb5 Ne8 15.
Bh6 Nd6 16. Qe2 Re8 17. e4 dxe4 18. Nxe4 Nxe4 19. Qxe4 cxd4 20. Nxd4 Nc5 21. Qf3
Qd5 22. Qxd5 exd5 23. Nb5 Bf8 24. Nc7 Rxe1+ 25. Rxe1 Rd8 26. Bg5 Rd7 27. Ne8 Bg7
28. Bf6 Bh8 29. g4 Ne4 30. Bxh8 Kxh8 31. f3 Nc5 32. Nf6 Rd8 33. Re5 Nxa4 34.
Nxd5 Nxb2 35. Nxb6 Rb8 36. Nd7 Ra8 37. Nb6 Ra6 38. Rb5 Nd1 39. Na4 Ne3 40. Kf2
Nc4 41. Rc5 Nd6 42. c4 Kg7 43. Ke3 Kf6 44. Kd4 Ra7 45. Rc6 Ke7 46. Nb6 Rb7 47.
c5 Nb5+ 48. Kc4 Na7 49. Nd5+ Kd8 50. Ra6 Rd7 51. c6 1-0

[Event "Mondiale Lampo FIDE 2017"]
[Site "Riyadh"]
[Date "29.12.2017"]
[Round "7.31"]
[White "Short, Nigel D"]
[Black "McShane, Luke J"]
[Result "0-1"]
[WhiteTitle "GM"]
[BlackTitle "GM"]
[WhiteElo "2678"]
[BlackElo "2640"]
[WhiteFideId "400025"]
[BlackFideId "404853"]
[EventDate "2017.12.29"]

1. c4 g6 2. g3 Bg7 3. Bg2 f5 4. Nc3 Nf6 5. e3 O-O 6. Nge2 e5 7. d3 d6 8. O-O c6
9. f4 a5 10. Rb1 Be6 11. a3 Nbd7 12. b4 axb4 13. axb4 d5 14. cxd5 cxd5 15. Qd2
Bf7 16. Bb2 Re8 17. Rfe1 Qb6 18. d4 e4 19. b5 Bf8 20. Ra1 Qe6 21. Na4 Rec8 22.
Bf1 Ne8 23. Nc5 Qe7 24. Rec1 Nd6 25. Nc3 Nb6 26. Rxa8 Rxa8 27. Ra1 Nbc4 28. Qc1
Rxa1 29. Bxa1 b6 30. N5a4 Qa7 31. Bb2 Nxb5 32. Bxc4 dxc4 33. d5 Nd6 34. Ba3 Be8
35. Qa1 b5 36. Nc5 b4 37. Ne6 Qxa3 0-1

[Event "Mondiale Lampo FIDE 2017"]
[Site "Riyadh"]
[Date "29.12.2017"]
[Round "7.32"]
[White "Guseinov, Gadir"]
[Black "Jumabayev, Rinat"]
[Result "1-0"]
[WhiteTitle "GM"]
[BlackTitle "GM"]
[WhiteElo "2646"]
[BlackElo "2612"]
[WhiteFideId "13401378"]
[BlackFideId "13702661"]
[EventDate "2017.12.29"]

1. e4 e5 2. Nf3 Nc6 3. Bb5 a6 4. Bxc6 dxc6 5. O-O f6 6. d4 Bg4 7. c3 Bd6 8. Nbd2
Ne7 9. h3 Be6 10. dxe5 fxe5 11. Ng5 Qd7 12. Nxe6 Qxe6 13. Qg4 Qf7 14. Nf3 h6 15.
Be3 Ng8 16. Nh4 Nf6 17. Qg6 Rf8 18. Rad1 O-O-O 19. Qxf7 Rxf7 20. f3 Rfd7 21. Kf2
b5 22. g4 a5 23. Nf5 a4 24. h4 Bf8 25. Rxd7 Nxd7 26. h5 Nb6 27. Ke2 Nc4 28. Bc1
Nd6 29. Rg1 Re8 30. g5 Nxf5 31. exf5 hxg5 32. Rxg5 e4 33. Rg6 Kd7 34. f4 Re7 35.
Be3 Rf7 36. Rg5 Be7 37. Rg6 Bf8 38. f6 gxf6 39. f5 Kd6 40. h6 Ke5 41. Rg8 Kxf5
42. h7 Rxh7 43. Rxf8 Rh2+ 44. Bf2 c5 45. b3 axb3 46. axb3 b4 47. c4 Rh3 48. Bxc5
Rxb3 49. Bd4 Rd3 50. Rxf6+ Kg5 51. Be5 b3 52. Rf8 c5 53. Rf1 Rh3 54. Kd2 Rd3+
55. Kc1 e3 56. Kb2 e2 57. Re1 Re3 58. Bc3 Kg4 59. Kxb3 Kf3 60. Kc2 Kf2 61. Ra1
Re4 62. Be1+ Kf3 63. Ra3+ Kg2 64. Kd3 Re5 65. Ra1 Kf3 66. Ra8 Kg2 67. Rf8 Re7
68. Rf2+ Kg1 69. Rxe2 1-0

[Event "Mondiale Lampo FIDE 2017"]
[Site "Riyadh"]
[Date "29.12.2017"]
[Round "7.33"]
[White "Rapport, Richard"]
[Black "Kokarev, Dmitry"]
[Result "1-0"]
[WhiteTitle "GM"]
[BlackTitle "GM"]
[WhiteElo "2707"]
[BlackElo "2615"]
[WhiteFideId "738590"]
[BlackFideId "4132181"]
[EventDate "2017.12.29"]

1. d4 Nf6 2. Bg5 Ne4 3. h4 c5 4. dxc5 Na6 5. Nd2 Naxc5 6. Nxe4 Nxe4 7. Qd5 Nxg5
8. hxg5 e6 9. Qd2 b6 10. O-O-O Bb7 11. Nf3 Qc7 12. Nd4 a6 13. Rh3 g6 14. Rc3 Qd8
15. Rd3 d5 16. Kb1 Bg7 17. Qb4 Bf8 18. Qd2 Bg7 19. Qb4 Bf8 20. Qc3 Qc8 21. Qb3
b5 22. e4 Bg7 23. Qb4 Bf8 24. Qe1 dxe4 25. Rc3 Qb8 26. Nxb5 Bb4 27. Nc7+ Qxc7
28. Rxc7 Bxe1 29. Rxe1 Rb8 30. Re3 h6 31. Rh3 O-O 32. gxh6 Kh7 33. Rb3 Bd5 34.
Rxb8 Rxb8 35. c4 Ba8 36. Rxf7+ Kxh6 37. Kc2 e3 38. fxe3 Be4+ 39. Kc3 Rd8 40. Rf4
Bf5 41. Be2 Kg5 42. Rf2 Rh8 43. g4 Be4 44. Kd4 Bb7 45. Ke5 Rh3 46. Kxe6 Rxe3+
47. Kd6 Re8 48. c5 Be4 49. Bxa6 Ra8 50. Bc4 Kxg4 51. Re2 Kf3 52. Rxe4 1-0

[Event "Mondiale Lampo FIDE 2017"]
[Site "Riyadh"]
[Date "29.12.2017"]
[Round "7.35"]
[White "Bu, Xiangzhi"]
[Black "Dervishi, Erald"]
[Result "1-0"]
[WhiteTitle "GM"]
[BlackTitle "GM"]
[WhiteElo "2730"]
[BlackElo "2552"]
[WhiteFideId "8601445"]
[BlackFideId "4700236"]
[EventDate "2017.12.29"]

1. Nf3 Nf6 2. c4 e6 3. Nc3 d5 4. d4 Be7 5. Bg5 O-O 6. e3 h6 7. Bxf6 Bxf6 8. Qc2
b6 9. cxd5 exd5 10. Be2 Bb7 11. O-O Nd7 12. Rfd1 a6 13. Rac1 Be7 14. Qf5 Nf6 15.
Ne5 Qc8 16. Bd3 Qxf5 17. Bxf5 g6 18. Bh3 Rfd8 19. Ne2 c5 20. dxc5 bxc5 21. b3 a5
22. Nc3 d4 23. exd4 cxd4 24. Nb5 Rd5 25. Nc7 Rxe5 26. Nxa8 Ba3 27. Rc7 Ba6 28.
Rc6 Be2 29. Rxd4 Bb5 30. Rc8+ Kg7 31. Rd1 Ne4 32. Nc7 Bc6 33. Ne6+ fxe6 34. Rxc6
Kf6 35. f4 Bc5+ 36. Kf1 Rf5 37. Bxf5 gxf5 38. Rd7 Be3 39. g3 Nc5 40. Rh7 Kg6 41.
Rhc7 Ne4 42. Rxe6+ Kh5 43. Kg2 1-0